000 00663nam a22002057a 4500
005 20251108171804.0
008 250721s1980 xx 000 0 ara d
082 1 4 _aط/578/ورف
100 1 _aورفيل، روى
245 1 0 _aكيف يعمل المرقب و المجهر :
_bالتلسكوب و الميكروسكوب /
264 1 _aبيروت :
_bمكتبة لبنان،
_c1980.
300 _a51ص : مص.
490 0 _aكيف تعمل
_v8
650 1 7 _aالتلسكوب
650 1 7 _aالمجاهر
653 _aناشاون صغار (10-14)سنه
700 1 _aالخطيب، أحمد شفيق
_eترجمة
942 _2ddc
_cBK
999 _c62544
_d62544